=LDR 00000nam 2200000 4500 =001 INLIS000000000027212 =005 20130612125615 =008 ***********************************Ind** =035 ##$$0010-061300000027212 =041 ##$$a Ind =082 ##$$a F Rom K =090 ##$$a F Rom K, Kis k =245 ##$$a Kisah tentang si lusuh =260 ##$$a 2004 $b [S.l] =300 ##$$a 24 hlm, ilus, 17 cm =650 ##$$a Fiksi anak-anak =850 ##$$a NBPNMAT